MARC

LEADER 00000nab a2200000 a 4500
001 vtls000742844
003 SK-MaSNL
005 20260304013446.0
008 131021c2000 xo 0 slo
015 |a SNBRB2001/01-02064 
035 |a CLN000094682 
040 |a SNKBUCL  |b slo  |c SNKBUCL  |e AACR2 
041 0 |a slo 
044 |a xo  |c SK 
080 |a 82:791.43  |2 1997 
080 |a 791.43:82  |2 1997 
100 1 |a Bindzár, Juraj,  |d 1943-2019  |4 aut  |9 105677 
245 1 0 |a Kinéma  |c Juraj Bindzár 
650 0 7 |a literatúra umelecká  |x film  |x vzťahy  |2 snkbucl  |9 1073541 
650 0 7 |a film  |x literatúra umelecká  |x vzťahy  |2 snkbucl  |9 1073542 
655 7 |a články z novín a časopisov  |2 snkbucl  |9 267496 
655 7 |a články z odboru literárna veda a krásna literatúra  |2 snkbucl  |9 770045 
773 0 |t Slovenské pohľady  |g Roč. 4+116, č. 11 (2000), s. 131-139 
850 |a Slovenská národná knižnica v Martine 
852 |a SNK  |b KIS3GCP 
958 |a LX 
992 |a RBX 
999 |c 2575891  |d 2577821